[Event "Oberliga Bayern 0708"]
[Site "Bayern"]
[Date "2008.01.20"]
[Round "5.1"]
[White "Koepke, Elena"]
[Black "Rohrmueller, Ulrich"]
[Result "1-0"]
[WhiteElo "2215"]
[BlackElo "2262"]
[PlyCount "47"]
[EventDate "2007.10.21"]
[EventType "team-tourn"]
[EventRounds "9"]
[EventCountry "GER"]
[SourceTitle "EXT 2009"]
[Source "ChessBase"]
[SourceDate "2008.11.26"]
[SourceVersion "1"]
[SourceVersionDate "2008.11.26"]
[SourceQuality "1"]
[WhiteTeam "Muenchen Tarrasch"]
[BlackTeam "Groebenzell"]
[WhiteTeamCountry "GER"]
[BlackTeamCountry "GER"]

1. e4 e6 2. d4 d5 3. Nd2 c5 4. exd5 Qxd5 5. Ngf3 cxd4 6. Bc4 Qd6 7. 0-0 Nf6 8. Nb3 Nc6 9. Nbxd4 Nxd4 10. Nxd4 a6 11. Bb3 Qc7 12. Qf3 Bd6 13. h3 0-0 14. Bg5 Nd7 15. c3 Ne5 16. Qh5 Ng6 17. Bc2 b6 18. Rad1 Bb7 19. Nf3 Bd5 20. Be3 f6 21. Rxd5 exd5 22. Qxd5+ Kh8 23. Qh5 Kg8 24. Nh4 1-0

[Event "Oberliga Bayern 0708"]
[Site "Bayern"]
[Date "2007.11.25"]
[Round "3.1"]
[White "Rohrmueller, Ulrich"]
[Black "Milov, Leonid"]
[Result "0-1"]
[WhiteElo "2278"]
[BlackElo "2492"]
[PlyCount "84"]
[EventDate "2007.10.21"]
[EventType "team-tourn"]
[EventRounds "9"]
[EventCountry "GER"]
[SourceTitle "EXT 2009"]
[Source "ChessBase"]
[SourceDate "2008.11.26"]
[SourceVersion "1"]
[SourceVersionDate "2008.11.26"]
[SourceQuality "1"]
[WhiteTeam "Groebenzell"]
[BlackTeam "Nuernberg NT"]
[WhiteTeamCountry "GER"]
[BlackTeamCountry "GER"]

1. Nf3 f5 2. c4 Nf6 3. g3 d6 4. d4 g6 5. Bg2 Bg7 6. 0-0 0-0 7. Nc3 Na6 8. Rb1 c6 9. b4 Nc7 10. b5 Ne4 11. Bb2 Nxc3 12. Bxc3 cxb5 13. cxb5 Be6 14. Qa4 Bd5 15. Rfc1 Qd7 16. Ng5 Bxg2 17. Kxg2 Nd5 18. Bd2 h6 19. Qb3 e6 20. Nf3 g5 21. Qd3 Qf7 22. Bb4 Rad8 23. Ba3 Rfe8 24. e4 fxe4 25. Qxe4 Qf5 26. Nd2 g4 27. Rc4 h5 28. Re1 Bh6 29. Nb3 Nf4+ 30. gxf4 Qxe4+ 31. Rxe4 d5 32. Rc5 dxe4 33. Bc1 Rd5 34. Rc7 Rxb5 35. Nc5 Bg7 36. Nxe4 Rd5 37. Rxb7 Bxd4 38. Be3 Rf8 39. Ng5 Bxe3 40. fxe3 h4 41. Ne4 Ra5 42. Rb2 e5 0-1

[Event "Oberliga Bayern 0708"]
[Site "Bayern"]
[Date "2007.11.04"]
[Round "2.1"]
[White "Schneider, Stefan"]
[Black "Rohrmueller, Ulrich"]
[Result "1/2-1/2"]
[WhiteElo "2361"]
[BlackElo "2278"]
[PlyCount "104"]
[EventDate "2007.10.21"]
[EventType "team-tourn"]
[EventRounds "9"]
[EventCountry "GER"]
[SourceTitle "EXT 2009"]
[Source "ChessBase"]
[SourceDate "2008.11.26"]
[SourceVersion "1"]
[SourceVersionDate "2008.11.26"]
[SourceQuality "1"]
[WhiteTeam "Bayern Muenchen II"]
[BlackTeam "Groebenzell"]
[WhiteTeamCountry "GER"]
[BlackTeamCountry "GER"]

1. d4 d5 2. Nf3 Nc6 3. g3 Bg4 4. Bg2 e6 5. 0-0 Nge7 6. b3 Ng6 7. Bb2 h5 8. Nbd2 h4 9. c4 hxg3 10. hxg3 Qf6 11. Nh2 Rxh2 12. Kxh2 Nf4 13. f3 Qh6+ 14. Kg1 Nxg2 15. Kxg2 Bh3+ 16. Kf2 Bxf1 17. Nxf1 0-0-0 18. c5 e5 19. e3 exd4 20. exd4 Be7 21. Bc3 Bf6 22. b4 Rh8 23. b5 Nd8 24. b6 axb6 25. cxb6 cxb6 26. Qa4 Nc6 27. Rb1 Bd8 28. Bd2 g5 29. Qb5 Qd6 30. Qd3 Qd7 31. Be3 f6 32. a4 Na5 33. Rb5 Kb8 34. g4 Bc7 35. Qf5 Qxf5 36. gxf5 Rd8 37. Bd2 Nc6 38. Ne3 Ne7 39. Bb4 Nc6 40. Ba3 Nxd4 41. Rxd5 Rxd5 42. Nxd5 Nxf5 43. Nxf6 Ng7 44. Ke3 Bd8 45. Ne4 Ne6 46. Kd3 Kc7 47. Kc4 Kc6 48. Bb4 Bc7 49. Be7 Bf4 50. Bb4 Be3 51. Be7 Kd7 52. Bb4 Kc6 1/2-1/2

[Event "Oberliga Bayern 0607"]
[Site "Bayern"]
[Date "2007.03.18"]
[Round "7.1"]
[White "Vokac, Marek"]
[Black "Rohrmueller, Ulrich"]
[Result "1-0"]
[WhiteElo "2470"]
[BlackElo "2228"]
[PlyCount "77"]
[EventDate "2006.10.15"]
[EventType "team-tourn"]
[EventRounds "9"]
[EventCountry "GER"]
[SourceTitle "EXT 2008"]
[Source "ChessBase"]
[SourceDate "2007.11.25"]
[SourceVersion "1"]
[SourceVersionDate "2007.11.25"]
[SourceQuality "1"]
[WhiteTeam "Krumbach"]
[BlackTeam "Groebenzell"]
[WhiteTeamCountry "GER"]
[BlackTeamCountry "GER"]

1. c4 e6 2. Nf3 Nf6 3. g3 d5 4. Bg2 Be7 5. 0-0 0-0 6. b3 a5 7. Qc2 Nbd7 8. Nc3 Nb6 9. d3 Re8 10. e4 c6 11. Bb2 Bf8 12. Rad1 d4 13. Nxd4 Qxd4 14. Nd5 Qxb2 15. Qxb2 exd5 16. cxd5 cxd5 17. e5 Nfd7 18. d4 Nb8 19. f4 Bg4 20. Bf3 Bxf3 21. Rxf3 Nc6 22. g4 a4 23. Rh3 a3 24. Qb1 g6 25. f5 Nc8 26. Qc2 N8a7 27. Qf2 Nb5 28. e6 fxe6 29. fxg6 Re7 30. Rxh7 Bg7 31. Rxg7+ Rxg7 32. Qf6 Nbxd4 33. Rf1 e5 34. h4 e4 35. h5 Nf3+ 36. Rxf3 exf3 37. h6 f2+ 38. Kxf2 Rf8 39. h7+ 1-0